000 00410 a2200145 4500
005 20250613085552.0
020 _a978-0-07-302285-7
082 _a658.15 HIL
100 _aHILTON, W. R
245 _aManagerial Accounting: Creating Value in A dynamic Business Environment
250 _a7th Ed.
260 _aBoston
_bMcGraw-Hill Irwin
_c2008.
300 _axx,824p.
_bGlossary and Index
_c27 cm
942 _2ddc
_cBKS
999 _c3507
_d3507